[Event "10MCR_4DW_1L_4S"]
[Site "CR"]
[Date "2012.??.??"]
[Round "?"]
[White "Dedina, Miroslav"]
[Black "Sykora, Josef"]
[Result "1/2-1/2"]
[WhiteElo "2307"]
[BlackElo "2339"]
[Annotator "40"]
[PlyCount "120"]
[EventDate "2012.??.??"]
[EventType "corr"]

1. Nf3 Nf6 2. c4 c5 3. g3 d5 4. cxd5 Nxd5 5. Bg2 Nc6 6. Nc3 Nb6 7. O-O e5 8. b3
Be7 9. Bb2 Be6 10. Rc1 O-O 11. d3 Rc8 12. Nd2 f6 13. Nc4 Qd7 14. Qe1 Nd5 15.
Nxd5 Bxd5 16. Bxd5+ Qxd5 17. Rd1 Rfd8 18. e4 Qe6 19. Bc3 Ra8 20. Ne3 b5 21. Nd5
Bd6 22. Qe2 Ne7 23. Ne3 a5 24. Qc2 a4 25. bxa4 Rxa4 26. Ra1 Ra3 27. Rfb1 b4 28.
Bb2 Rxa2 29. Rxa2 Qxa2 30. Ra1 Qe6 31. Ra6 Qd7 32. Qc4+ Kf8 33. h4 h5 34. Kh2
Qb7 35. Bc1 Bb8 36. Ra5 Bd6 37. Ra6 Bc7 38. Re6 Bb8 39. Qxc5 Ba7 40. Qa5 Rd7
41. Qa4 Bc5 42. Qc2 Qb5 43. Nc4 Ra7 44. Nxe5 b3 45. Qc3 Bxf2 46. Ba3 Kg8 47.
Qc4 Qxc4 48. Nxc4 Kf7 49. Rd6 Nc8 50. Rd5 Nb6 51. Nxb6 Rxa3 52. Nc4 Ra2 53.
Rxh5 Bd4+ 54. Kh3 Rf2 55. Rb5 b2 56. Rb7+ Ke6 57. h5 f5 58. exf5+ Kxf5 59. Rb5+
Kf6 60. Kh4 Re2 1/2-1/2

[Event "10MCR_4DW_1L_4S"]
[Site "CR"]
[Date "2012.??.??"]
[Round "?"]
[White "Sykora, Josef"]
[Black "Portych, Vaclav"]
[Result "1-0"]
[WhiteElo "2339"]
[BlackElo "2028"]
[Annotator "41"]
[PlyCount "65"]
[EventDate "2012.??.??"]
[EventType "corr"]

1. d4 Nf6 2. c4 e6 3. Nc3 Bb4 4. e3 O-O 5. Bd3 d5 6. Nf3 c5 7. O-O Nc6 8. a3
cxd4 9. exd4 dxc4 10. Bxc4 Be7 11. Re1 a6 12. Ba2 b5 13. d5 Nxd5 14. Nxd5 exd5
15. Qxd5 Bb7 16. Qh5 Qc7 17. Bd2 Bf6 18. Rac1 g6 19. Qh3 h5 20. Ng5 Bd4 21. Re4
Qd6 22. Bf4 Ne5 23. Bxf7+ Rxf7 24. Nxf7 Kxf7 25. Rxd4 Qxd4 26. Rc7+ Kf6 27.
Qh4+ Kf5 28. Qg5+ Ke4 29. Rc1 Rf8 30. Be3 Qxb2 31. Re1 Kd5 32. Qe7 Nd3 33.
Qxb7+ 1-0

[Event "10MCR_4DW_1L_4S"]
[Site "CR"]
[Date "2012.??.??"]
[Round "?"]
[White "Portych, Vaclav"]
[Black "Trs, Jan"]
[Result "1/2-1/2"]
[WhiteElo "2028"]
[BlackElo "2096"]
[Annotator "42"]
[PlyCount "55"]
[EventDate "2012.??.??"]
[EventType "corr"]

1. c4 e5 2. Nc3 Nf6 3. Nf3 Nc6 4. g3 Bb4 5. Bg2 O-O 6. O-O e4 7. Ne1 Bxc3 8.
dxc3 h6 9. Nc2 Re8 10. Ne3 d6 11. Qc2 a5 12. Rd1 b6 13. Rb1 Bb7 14. Nd5 Ne5 15.
b3 Neg4 16. h3 Ne5 17. Nxf6+ Qxf6 18. Bxe4 Bxe4 19. Qxe4 Ng6 20. Qc6 Rac8 21.
Rb2 Qxc3 22. Rbd2 Qf6 23. Bb2 Qg5 24. Kh2 Nf8 25. h4 Qf5 26. Kg2 Qg6 27. e3 Ne6
28. Qd5 1/2-1/2

[Event "10MCR_4DW_1L_4S"]
[Site "CR"]
[Date "2012.??.??"]
[Round "?"]
[White "Portych, Vaclav"]
[Black "Jarabinsky, Martin"]
[Result "1/2-1/2"]
[WhiteElo "2028"]
[BlackElo "2127"]
[Annotator "43"]
[PlyCount "109"]
[EventDate "2012.??.??"]
[EventType "corr"]

1. c4 Nf6 2. Nc3 e5 3. Nf3 Nc6 4. g3 Bb4 5. Bg2 O-O 6. O-O d6 7. Nd5 Bc5 8. e3
Bg4 9. h3 Bh5 10. d3 a5 11. a3 h6 12. b3 Ba7 13. Nc3 Bg6 14. Bb2 Bh7 15. d4 Nd7
16. Nb5 Bb6 17. Rc1 Re8 18. Re1 Na7 19. Nc3 c6 20. e4 Bc7 21. Na4 Qe7 22. Nh4
Rad8 23. Nf5 Qf6 24. Ne3 Nc8 25. d5 Ncb6 26. Nc3 Ra8 27. Qc2 Nc8 28. Rcd1 Bb6
29. Na4 Ba7 30. Qd2 Ndb6 31. Nxb6 Bxb6 32. Re2 Qg5 33. Bc3 Rd8 34. Kh2 Ne7 35.
Rf1 f6 36. f4 Qh5 37. Ree1 Qe8 38. Nf5 Nxf5 39. exf5 Kh8 40. g4 cxd5 41. Bxd5
Qe7 42. Qg2 a4 43. b4 Rac8 44. Be6 Rc6 45. Qd5 Bg8 46. Re4 Re8 47. Bxg8 Rxg8
48. Rd1 Qc7 49. Kg2 Qc8 50. Kf3 Re8 51. Rde1 Kh7 52. Bb2 Ba7 53. R1e2 Rc7 54.
Kg3 Rd7 55. Kf3 1/2-1/2

[Event "10MCR_4DW_1L_4S"]
[Site "CR"]
[Date "2012.??.??"]
[Round "?"]
[White "Jarabinsky, Martin"]
[Black "Dedina, Miroslav"]
[Result "1/2-1/2"]
[WhiteElo "2127"]
[BlackElo "2307"]
[Annotator "44"]
[PlyCount "132"]
[EventDate "2012.??.??"]
[EventType "corr"]

1. e4 e5 2. Nf3 Nc6 3. Bb5 a6 4. Ba4 Nf6 5. O-O Be7 6. Re1 b5 7. Bb3 d6 8. c3
O-O 9. h3 Bb7 10. d4 Re8 11. Nbd2 Bf8 12. a3 h6 13. Bc2 Nb8 14. b4 Nbd7 15. Bb2
c5 16. d5 c4 17. a4 Nh5 18. Nf1 Ndf6 19. Bc1 Qb8 20. g4 Nf4 21. Bxf4 exf4 22.
Nd4 Nd7 23. Qd2 g5 24. axb5 axb5 25. Nxb5 Ne5 26. Nd4 Bc8 27. Qe2 Bd7 28. Nd2
Qb7 29. Qf1 Rec8 30. Reb1 Bg7 31. Rxa8 Rxa8 32. Nxc4 Qc8 33. Bb3 h5 34. Nc6
Nf3+ 35. Kh1 Bxc6 36. dxc6 Qxc6 37. Qd3 Nh4 38. Rd1 hxg4 39. hxg4 Qd7 40. f3
Qe6 41. Kg1 Rd8 42. b5 Qh6 43. b6 Rb8 44. Rb1 Be5 45. Nxe5 dxe5 46. Bc4 Kg7 47.
b7 Ng6 48. Qd1 Ne7 49. Kg2 Qc6 50. Qb3 Rxb7 51. Qxb7 Qxc4 52. Qb5 Qxc3 53. Qb2
Qa5 54. Ra1 Qc5 55. Rd1 Ng6 56. Rd3 Nh4+ 57. Kf1 Kg6 58. Qc3 Qb5 59. Qb3 Qc6
60. Qb2 Qc5 61. Qb1 Qa7 62. Qb3 Qa1+ 63. Rd1 Qa6+ 64. Qd3 Qa2 65. Qd2 Qxd2 66.
Rxd2 Nxf3 1/2-1/2

[Event "10MCR_4DW_1L_4S"]
[Site "CR"]
[Date "2012.??.??"]
[Round "?"]
[White "Sykora, Josef"]
[Black "Kyhos, Alois"]
[Result "1/2-1/2"]
[WhiteElo "2339"]
[BlackElo "2195"]
[Annotator "45"]
[PlyCount "115"]
[EventDate "2012.??.??"]
[EventType "corr"]

1. d4 Nf6 2. c4 e6 3. Nc3 Bb4 4. e3 O-O 5. Bd3 d5 6. Nf3 b6 7. O-O Bb7 8. cxd5
exd5 9. a3 Bd6 10. b4 a6 11. Qb3 Qe7 12. Rb1 Nbd7 13. a4 Rfe8 14. Bd2 h6 15.
Rfc1 Qe6 16. Ne2 Ne4 17. Be1 Rab8 18. b5 a5 19. Nd2 Nxd2 20. Bxd2 Nf6 21. Rc2
Ne4 22. Be1 Re7 23. Rbc1 Rbe8 24. f3 Ng5 25. Bf2 Qf6 26. Ng3 g6 27. f4 Nh7 28.
Rc3 Qg7 29. f5 Nf6 30. fxg6 fxg6 31. Qc2 Kh7 32. Nf1 Rf8 33. Bg3 Ne4 34. Bxe4
dxe4 35. Qe2 Qf6 36. Nd2 Bd5 37. Rf1 Qg7 38. Nc4 Rxf1+ 39. Qxf1 Bxg3 40. hxg3
Qf7 41. Qc1 Qe6 42. Ne5 Qd6 43. Qf1 Kg7 44. Qf4 Qe6 45. g4 Qf6 46. Qg3 Kg8 47.
Rc1 Kg7 48. Rf1 Qg5 49. Qf2 Kh7 50. g3 Rg7 51. Qf4 Qd8 52. Kg2 g5 53. Qf2 Kh8
54. Qf5 Kg8 55. Kh3 Qe8 56. Kg2 Qd8 57. Kh3 Qe8 58. Kh2 1/2-1/2

[Event "10MCR_4DW_1L_4S"]
[Site "CR"]
[Date "2012.??.??"]
[Round "?"]
[White "Trs, Jan"]
[Black "Mudra, Oldrich"]
[Result "1/2-1/2"]
[WhiteElo "2096"]
[BlackElo "2096"]
[Annotator "46"]
[PlyCount "100"]
[EventDate "2012.??.??"]
[EventType "corr"]

1. c4 Nf6 2. Nc3 e6 3. d4 Bb4 4. Qc2 O-O 5. a3 Bxc3+ 6. Qxc3 b6 7. Bg5 Bb7 8.
f3 h6 9. Bh4 d5 10. e3 Nbd7 11. cxd5 Nxd5 12. Bxd8 Nxc3 13. Bh4 Nd5 14. Bf2 c5
15. Bb5 Rfd8 16. e4 Nc7 17. Bxd7 Rxd7 18. dxc5 f5 19. cxb6 axb6 20. Ne2 fxe4
21. fxe4 Bxe4 22. O-O Rd2 23. Nc3 Bb7 24. b4 Rf8 25. Ra2 Rxa2 26. Nxa2 Nd5 27.
Bd4 Ra8 28. Nc3 Nxc3 29. Bxc3 Rxa3 30. Bd4 Rb3 31. Bxb6 Rxb4 32. Bc5 Rb2 33.
Rf2 Rb1+ 34. Rf1 Rb5 35. Bd6 Rd5 36. Bb4 Rg5 37. Rf2 Kh7 38. Rb2 Bd5 39. Bc3
Kg6 40. g3 Rf5 41. Rb4 h5 42. Rf4 e5 43. Rxf5 Kxf5 44. Kf2 Ke4 45. Ke2 Bc4+ 46.
Kf2 Be6 47. h4 Bd5 48. Bb2 Be6 49. Bc3 g6 50. Bb2 Bc4 1/2-1/2

[Event "10MCR_4DW_1L_4S"]
[Site "CR"]
[Date "2012.??.??"]
[Round "?"]
[White "Trs, Jan"]
[Black "Jarabinsky, Martin"]
[Result "1/2-1/2"]
[WhiteElo "2096"]
[BlackElo "2127"]
[Annotator "47"]
[PlyCount "114"]
[EventDate "2012.??.??"]
[EventType "corr"]

1. d4 d5 2. c4 e6 3. Nc3 Nf6 4. Nf3 Be7 5. Bg5 h6 6. Bxf6 Bxf6 7. e3 c6 8. Bd3
O-O 9. Rc1 Nd7 10. O-O dxc4 11. Bxc4 e5 12. h3 exd4 13. exd4 Nb6 14. Bb3 Bf5
15. Re1 Re8 16. Rxe8+ Qxe8 17. Qd2 Qd7 18. Re1 Rd8 19. Qf4 g5 20. Ne4 gxf4 21.
Nxf6+ Kf8 22. Nxd7+ Nxd7 23. d5 c5 24. d6 b5 25. Bd5 Nb6 26. Re5 Bd3 27. Bb7
Rd7 28. Ba6 Rxd6 29. Rxc5 Na4 30. Rc8+ Kg7 31. Ne5 Be2 32. Bb7 Kf6 33. Rc2 Bd1
34. Ng4+ Kg7 35. Rc6 Rxc6 36. Bxc6 Be2 37. b4 f5 38. Ne5 Kf6 39. Nd7+ Ke7 40.
Nb8 Nc3 41. a3 Nb1 42. a4 bxa4 43. Bxa4 Nc3 44. Nc6+ Kd6 45. Nd4 Kd5 46. Nxe2
Nxe2+ 47. Kf1 Nd4 48. Bd7 Kc4 49. b5 f3 50. h4 fxg2+ 51. Kxg2 f4 52. Kh3 Nxb5
53. Kg4 a5 54. Kxf4 a4 55. Kg4 a3 56. Be6+ Kd4 57. f4 Nc3 1/2-1/2

[Event "10MCR_4DW_1L_4S"]
[Site "CR"]
[Date "2012.??.??"]
[Round "?"]
[White "Trs, Jan"]
[Black "Dedina, Miroslav"]
[Result "1/2-1/2"]
[WhiteElo "2096"]
[BlackElo "2307"]
[Annotator "48"]
[PlyCount "72"]
[EventDate "2012.??.??"]
[EventType "corr"]

1. e4 e5 2. Nf3 Nc6 3. Bb5 a6 4. Ba4 Nf6 5. O-O Be7 6. Re1 b5 7. Bb3 O-O 8. c3
d6 9. h3 Na5 10. Bc2 c5 11. d4 cxd4 12. cxd4 Bb7 13. Nbd2 Rc8 14. d5 Qc7 15.
Bd3 Nd7 16. Nf1 f5 17. Ng3 f4 18. Nf5 Bd8 19. Bd2 Nc4 20. Rc1 g6 21. Nh6+ Kg7
22. Ng4 Qb6 23. b4 Nxd2 24. Qxd2 Qa7 25. Rxc8 Bxc8 26. Rc1 Qb8 27. Qb2 Nb6 28.
Ngh2 Rf7 29. a3 Na4 30. Qd2 Rc7 31. Rc2 Bd7 32. Qc1 Rxc2 33. Qxc2 g5 34. Be2 h5
35. Ne1 Kh6 36. Bd1 Qc8 1/2-1/2

[Event "10MCR_4DW_1L_4S"]
[Site "CR"]
[Date "2013.??.??"]
[Round "?"]
[White "Jarabinsky, Martin"]
[Black "Glaser, Karel"]
[Result "1/2-1/2"]
[WhiteElo "2127"]
[BlackElo "2269"]
[Annotator "49"]
[PlyCount "147"]
[EventDate "2012.??.??"]
[EventType "corr"]

1. e4 c5 2. Nf3 d6 3. d4 cxd4 4. Nxd4 Nf6 5. Nc3 a6 6. Be3 e6 7. f3 b5 8. Qd2
b4 9. Na4 Nbd7 10. c4 bxc3 11. Nxc3 Bb7 12. Rc1 Rc8 13. Be2 Be7 14. O-O O-O 15.
Rfd1 h6 16. Bf2 Re8 17. a3 d5 18. exd5 exd5 19. b4 Bd6 20. Na4 Rxc1 21. Rxc1
Qb8 22. g3 Qa8 23. Nc5 Bc8 24. Qc3 Bf8 25. Bf1 Nb6 26. a4 Nfd7 27. Re1 Rxe1 28.
Qxe1 Bb7 29. Nxb7 Qxb7 30. b5 axb5 31. axb5 Qa8 32. Nc6 Bc5 33. Bxc5 Nxc5 34.
Qe3 Ncd7 35. Kf2 Qf8 36. h4 h5 37. Bd3 g6 38. Ne7+ Kg7 39. Qd4+ Kh7 40. Nxd5
Qd6 41. Bc4 Nxc4 42. Qxc4 Qe5 43. Nc3 Kg8 44. f4 Qf6 45. Kg2 Nb6 46. Qd3 Qe6
47. Qd8+ Kh7 48. Qc7 Kg8 49. Qb8+ Nc8 50. Qe5 Qc4 51. f5 gxf5 52. Nd5 Qc2+ 53.
Kf3 Qd3+ 54. Kg2 Nd6 55. Nf6+ Kf8 56. b6 Qc2+ 57. Kf3 Qd1+ 58. Kf4 Nc4 59. Qc3
Qd6+ 60. Kxf5 Nxb6 61. Qe5 Qd3+ 62. Kg5 Qg6+ 63. Kf4 Nc4 64. Qc5+ Kg7 65. Nxh5+
Kh7 66. Qf5 Nb2 67. Nf6+ Kg7 68. Qxg6+ fxg6 69. Nd7 Nc4 70. Kg5 Kf7 71. Nc5 Na3
72. Nd3 Nc4 73. g4 Kg7 74. Kf4 1/2-1/2

[Event "10MCR_4DW_1L_4S"]
[Site "CR"]
[Date "2013.??.??"]
[Round "?"]
[White "Sykora, Josef"]
[Black "Trs, Jan"]
[Result "1-0"]
[WhiteElo "2339"]
[BlackElo "2096"]
[Annotator "50"]
[PlyCount "85"]
[EventDate "2012.??.??"]
[EventType "corr"]

1. d4 Nf6 2. c4 g6 3. g3 Bg7 4. Bg2 O-O 5. Nc3 d6 6. Nf3 Nbd7 7. O-O e5 8. h3
c6 9. e4 Qb6 10. Re1 Re8 11. d5 Nc5 12. Rb1 a5 13. Be3 Qc7 14. Nd2 Bd7 15. Qe2
a4 16. Rec1 Bf8 17. b4 axb3 18. axb3 Bg7 19. b4 Na4 20. Nxa4 Rxa4 21. c5 cxd5
22. exd5 Bf5 23. Rb3 e4 24. g4 Bd7 25. c6 bxc6 26. dxc6 Be6 27. b5 Bxb3 28. b6
Qe7 29. Qb5 d5 30. Bc5 Qe5 31. Nxb3 Rc4 32. Rxc4 dxc4 33. Qxc4 Qd5 34. Qxd5
Nxd5 35. b7 Be5 36. Bxe4 Nc3 37. Bf3 Nb5 38. Bb6 f5 39. gxf5 gxf5 40. Nc5 Kg7
41. Na6 Kf6 42. c7 Nxc7 43. Bxc7 1-0

[Event "10MCR_4DW_1L_4S"]
[Site "CR"]
[Date "2013.??.??"]
[Round "?"]
[White "Mudra, Oldrich"]
[Black "Bares, Jiri"]
[Result "1/2-1/2"]
[WhiteElo "2096"]
[BlackElo "2253"]
[Annotator "51"]
[PlyCount "144"]
[EventDate "2012.??.??"]
[EventType "corr"]

1. d4 Nf6 2. c4 e6 3. Nf3 d5 4. cxd5 exd5 5. Bg5 c6 6. e3 Qa5+ 7. Nbd2 Ne4 8.
a3 Nxg5 9. Nxg5 Be7 10. Ngf3 Bf5 11. b4 Qc7 12. Nb3 Nd7 13. Bd3 Bg4 14. h3 Bh5
15. O-O O-O 16. Nbd2 f5 17. Qb3 a6 18. Rac1 Rac8 19. Rfe1 Kh8 20. Qc3 g5 21.
Be2 g4 22. Ne5 Nxe5 23. dxe5 Rce8 24. f4 Bh4 25. Red1 Qg7 26. hxg4 Rg8 27. Rc2
Bxg4 28. Bxg4 Qxg4 29. Nf3 Qh5 30. Rdd2 Re6 31. Kf1 Rg3 32. Rf2 Rg4 33. Nxh4
Rxh4 34. Rf3 Rh1+ 35. Ke2 Rg6 36. Qc5 Rxg2+ 37. Kd3 Rd1+ 38. Kc3 d4+ 39. Kb2
Rxc2+ 40. Kxc2 d3+ 41. Kb3 Qf7+ 42. Ka4 d2 43. Qd6 Rg1 44. Rf1 Rg6 45. Qd8+ Rg8
46. Qd6 a5 47. e6 Qf6 48. bxa5 Qb2 49. Qd4+ Qxd4+ 50. exd4 Rd8 51. a6 bxa6 52.
e7 Rxd4+ 53. Ka5 Re4 54. Rd1 Rxe7 55. Rxd2 Re4 56. Ra2 Rxf4 57. a4 Kg7 58. Kxa6
Rb4 59. a5 f4 60. Ka7 f3 61. Rf2 Rb3 62. a6 Kf6 63. Ra2 Kf5 64. Ka8 Kf4 65. a7
Re3 66. Kb7 Re8 67. a8=Q Rxa8 68. Rxa8 f2 69. Rf8+ Ke3 70. Kxc6 h5 71. Re8+ Kf3
72. Rf8+ Kg2 1/2-1/2

[Event "10MCR_4DW_1L_4S"]
[Site "CR"]
[Date "2013.??.??"]
[Round "?"]
[White "Bares, Jiri"]
[Black "Trs, Jan"]
[Result "1-0"]
[WhiteElo "2253"]
[BlackElo "2096"]
[Annotator "52"]
[PlyCount "101"]
[EventDate "2012.??.??"]
[EventType "corr"]

1. d4 Nf6 2. c4 g6 3. Nc3 d5 4. Nf3 Bg7 5. Qb3 dxc4 6. Qxc4 O-O 7. e4 Na6 8.
Be2 c5 9. d5 e6 10. O-O exd5 11. exd5 Bf5 12. Be3 Qb6 13. Nh4 Bd7 14. Rad1 Rfe8
15. h3 Nh5 16. Rd2 Ng3 17. fxg3 Rxe3 18. Qf4 c4 19. Kh2 Rf8 20. Nf3 h6 21. Nd4
Re5 22. Bxc4 Nc5 23. Rfd1 h5 24. Bb5 Bxb5 25. Ndxb5 Rf5 26. Qc4 Nd7 27. d6 Rc5
28. Qd3 Qa6 29. b4 Rg5 30. a4 Be5 31. Ne4 Rf5 32. Qb3 h4 33. Nc7 hxg3+ 34. Nxg3
Bxg3+ 35. Qxg3 Qxa4 36. Nd5 Kg7 37. Ne7 Rf6 38. Qc3 Kh6 39. Rd5 Qa2 40. R1d2
Qb1 41. R2d4 b6 42. Rh4+ Kg7 43. Rdd4 a5 44. Qe3 Rf1 45. Qh6+ Kf6 46. Nd5+ Ke6
47. Nc7+ Kf6 48. Rhf4+ Rxf4 49. Nd5+ Ke6 50. Nxf4+ Kf5 51. Nd5 1-0

[Event "10MCR_4DW_1L_4S"]
[Site "CR"]
[Date "2013.??.??"]
[Round "?"]
[White "Kyhos, Alois"]
[Black "Jarabinsky, Martin"]
[Result "0-1"]
[WhiteElo "2195"]
[BlackElo "2127"]
[Annotator "53"]
[PlyCount "132"]
[EventDate "2012.??.??"]
[EventType "corr"]

1. e4 e5 2. Nf3 Nc6 3. Bb5 a6 4. Ba4 Nf6 5. O-O b5 6. Bb3 Bc5 7. a4 Rb8 8. axb5
axb5 9. Nxe5 Nxe5 10. d4 Bxd4 11. Qxd4 d6 12. f4 Nc6 13. Qc3 Ne7 14. Qd3 O-O
15. Nc3 b4 16. e5 Bf5 17. Qd1 Nd7 18. Na4 dxe5 19. fxe5 Be6 20. Bxe6 fxe6 21.
Rxf8+ Kxf8 22. Bg5 Qe8 23. Qd4 Nd5 24. c4 bxc3 25. Nxc3 N7b6 26. Ne4 Kg8 27.
Bd2 Nd7 28. b4 h6 29. Ng3 Qg6 30. Re1 Ra8 31. Ne4 Ra3 32. Qb2 Ra8 33. Qd4 Ra2
34. Kh1 Qf5 35. Qc4 Ra3 36. Qc6 Qf7 37. Qc1 Rd3 38. Kg1 Qg6 39. Qb2 Qg4 40. Qa1
Kh8 41. h3 Qg6 42. Kh2 Kg8 43. Kh1 Kh7 44. Qb2 N7b6 45. Bc1 Nc4 46. Qf2 Rb3 47.
Nc5 Rxb4 48. Re4 Ncb6 49. Rxb4 Nxb4 50. Qe3 Nc6 51. Qe2 Nd5 52. g4 Kh8 53. Kg1
Qf7 54. Bb2 Kg8 55. Qf2 Qe7 56. Kh2 Nb6 57. Bd4 Nd7 58. Nxd7 Qxd7 59. Bc3 Qd5
60. Qe3 Ne7 61. Bd4 Qc4 62. Qd2 c5 63. Bf2 Nd5 64. g5 hxg5 65. Qxg5 Qe2 66.
Qd8+ Kh7 0-1

[Event "10MCR_4DW_1L_4S"]
[Site "CR"]
[Date "2013.??.??"]
[Round "?"]
[White "Dolezal, Petr"]
[Black "Glaser, Karel"]
[Result "1-0"]
[WhiteElo "1903"]
[BlackElo "2269"]
[Annotator "54"]
[PlyCount "107"]
[EventDate "2012.??.??"]
[EventType "corr"]

1. e4 c5 2. Nf3 d6 3. d4 cxd4 4. Nxd4 Nf6 5. Nc3 a6 6. Be3 e6 7. f3 b5 8. Qd2
b4 9. Na4 Nbd7 10. Bc4 Qc7 11. Bb3 Bb7 12. O-O-O Rc8 13. g4 Ne5 14. Kb1 Nfd7
15. g5 Nc4 16. Bxc4 Qxc4 17. b3 Qc7 18. h4 Be7 19. h5 d5 20. exd5 Bxd5 21. Bf4
Qb7 22. Rhe1 g6 23. Qh2 Rf8 24. Qg3 Nb6 25. Nb2 Rd8 26. Nd3 Bc6 27. Ne5 Bd7 28.
Ng4 Bc8 29. Nf6+ Bxf6 30. gxf6 Nd5 31. Ne2 Qb6 32. Be5 Bb7 33. Qh2 Rd7 34. Ng3
Nc3+ 35. Bxc3 bxc3 36. Ne4 Bxe4 37. fxe4 Kd8 38. Qg3 Rxd1+ 39. Rxd1+ Kc8 40.
Qxc3+ Qc7 41. Qd3 Kb7 42. e5 Qxe5 43. Qf3+ Kc7 44. Qf2 Ra8 45. Rd3 Rb8 46. Qa7+
Rb7 47. Qxa6 Qe1+ 48. Kb2 Qe5+ 49. c3 Qh2+ 50. Ka3 Qe5 51. Rd4 Kb8 52. hxg6
hxg6 53. Rd8+ Kc7 54. Rd7+ 1-0

[Event "10MCR_4DW_1L_4S"]
[Site "CR"]
[Date "2013.??.??"]
[Round "?"]
[White "Kyhos, Alois"]
[Black "Trs, Jan"]
[Result "1-0"]
[WhiteElo "2195"]
[BlackElo "2096"]
[Annotator "55"]
[PlyCount "123"]
[EventDate "2012.??.??"]
[EventType "corr"]

1. e4 c5 2. Nf3 e6 3. d4 cxd4 4. Nxd4 Nc6 5. Nc3 a6 6. Be2 Qc7 7. O-O Nf6 8.
Be3 Bb4 9. Na4 Be7 10. Nxc6 bxc6 11. Nb6 Rb8 12. Nxc8 Qxc8 13. Bd4 O-O 14. e5
Nd5 15. c4 Nf4 16. g3 Nxe2+ 17. Qxe2 c5 18. Bc3 f6 19. Rad1 fxe5 20. Bxe5 Rb6
21. f4 d6 22. Bc3 Bf6 23. Rf3 Qd7 24. Bxf6 Rxf6 25. Rfd3 Rf5 26. b3 Kf8 27. Qe3
Rc6 28. h3 Rf7 29. Qd2 Ke7 30. Qe2 Rf5 31. Qb2 Kf7 32. Qc3 h6 33. Kh2 Rf6 34.
Qd2 Ke7 35. g4 Rb6 36. Kg3 Qc7 37. h4 Rc6 38. Re1 Kf7 39. Rf3 Rb6 40. Qd3 Qd7
41. f5 exf5 42. Qd5+ Kf8 43. g5 hxg5 44. hxg5 f4+ 45. Kf2 Rf5 46. Qa8+ Kf7 47.
g6+ Kxg6 48. Rg1+ Rg5 49. Qe4+ Qf5 50. Qe8+ Kf6 51. Qd8+ Kg6 52. Rxg5+ Qxg5 53.
Qxb6 Qh4+ 54. Ke2 Qe7+ 55. Kd1 Kh5 56. Qxa6 Qe4 57. Rh3+ Kg5 58. Qxd6 Qb1+ 59.
Kd2 Qxa2+ 60. Ke1 Qb1+ 61. Qd1 Qxd1+ 62. Kxd1 1-0